Peru History Quiz 2025 - Statistics

General Stats
  • This quiz has been taken 45 times
  • The average score is 8 of 15
Answer Stats
Hint Answer % Correct
Former Colony of.... Spain
90%
Capital Lima
87%
Biggest Enemy Chile
79%
Has Peru Ever Fought a Civil War? Yes
79%
Year of Independence 1821
72%
Axis or Allied in WW2 Allied
51%
Closest ally Colombia
51%
Current President Dina Boluarte
49%
Form of Government Republic
49%
Number of Political Parties 7
44%
Rank in Military Charts 49
33%
Main Export Copper
33%
Number of Provinces 196
18%
Number of Presidents 64
18%
First President Jose Aguero
5%
No matching quizzes found
Score Distribution
Percent of People with Each Score
Percentile by Number Answered
Your Score History
You have not taken this quiz